Loading...
| Current Events | 3 | 10.00 | 67% | 33% | 0% |
| Fine Arts - Classical Music | 4 | 10.00 | 75% | 25% | 0% |
| Fine Arts - Other | 4 | 5.00 | 50% | 0% | 0% |
| Fine Arts - Painting & Sculpture | 8 | 12.50 | 100% | 25% | 0% |
| Geography | 1 | 20.00 | 100% | 0% | 100% |
| History - American | 8 | 11.25 | 75% | 38% | 0% |
| History - European | 4 | 7.50 | 50% | 25% | 0% |
| History - Other | 10 | 12.00 | 80% | 30% | 10% |
| History - World | 5 | 16.00 | 100% | 60% | 0% |
| Literature - American | 5 | 8.00 | 60% | 20% | 0% |
| Literature - British | 4 | 12.50 | 75% | 50% | 0% |
| Literature - European | 6 | 13.33 | 100% | 33% | 0% |
| Literature - World | 10 | 16.00 | 90% | 50% | 20% |
| Mythology | 2 | 15.00 | 100% | 0% | 50% |
| Other Academic | 2 | 15.00 | 50% | 100% | 0% |
| Philosophy | 7 | 2.86 | 14% | 14% | 0% |
| Religion | 7 | 11.43 | 100% | 14% | 0% |
| Science - Biology | 7 | 12.86 | 100% | 29% | 0% |
| Science - Chemistry | 8 | 13.75 | 100% | 25% | 13% |
| Science - Other | 8 | 10.00 | 88% | 13% | 0% |
| Science - Physics | 6 | 10.00 | 83% | 17% | 0% |
| Social Science | 8 | 12.50 | 100% | 25% | 0% |